Bienes del siglo : sobre cultura cubana /
Kaydedildi:
| Yazar: | |
|---|---|
| Materyal Türü: | Kitap |
| Dil: | İspanyolca |
| Baskı/Yayın Bilgisi: |
México :
Fondo de Cultura Económica,
2002, c2002
|
| Seri Bilgileri: | (Tierra Firme)
|
| Konular: | |
| Etiketler: |
Etiket eklenmemiş, İlk siz ekleyin!
|
MARC
| LEADER | 00000nam^a2200000^a^4500 | ||
|---|---|---|---|
| 001 | 000154746 | ||
| 005 | 20250521000000.0 | ||
| 009 | 20260310100404.915 | ||
| 020 | |a 968-16-6698-4 | ||
| 037 | |a Acervo ITESO - Biblioteca | ||
| 041 | |a ESP | ||
| 082 | |a 860. 97291 |b SAN | ||
| 100 | |a Santí, Enrico Mario |e (autor) | ||
| 245 | 1 | 0 | |a Bienes del siglo : |b sobre cultura cubana / |c E.M. Santí. |
| 264 | 4 | |a México : |b Fondo de Cultura Económica, |c 2002, c2002 | |
| 300 | |a 435 p. | ||
| 336 | |a texto |b txt |2 rdacontenido | ||
| 337 | |a sin mediación |b n |2 rdamedio | ||
| 338 | |a volumen |b nc |2 rdasoporte | ||
| 440 | 1 | |a (Tierra Firme) | |
| 649 | |a XX | ||
| 650 | |a Identidad Cultural - |z Cuba | ||
| 650 | |a Identidad Nacional - |z Cuba | ||
| 650 | |a Cine Cubano - |x Historia y Crítica | ||
| 650 | |a Música Cubana - |x Historia y Crítica | ||
| 650 | |a Arte Cubano - |x Historia y Crítica | ||
| 650 | |a Literatura Cubana - |x Historia y Crítica | ||
| 650 | |a Varela, Félix | ||
| 650 | |a Martí, José | ||
| 650 | |a Villaverde, Cirilo | ||
| 650 | |a Santa Cruz y Montalvo, María de las Mercedes | ||
| 650 | |a Hernández Catá, Alfonso | ||
| 650 | |a Lezama Lima, José | ||
| 650 | |a Vitier, Cintio | ||
| 650 | |a Piñera, Virgilio | ||
| 650 | |a Cabrera Infante, Guillermo | ||
| 650 | |a Gutiérrez Alea, Tomás | ||
| 650 | |a Arenas, Reinaldo | ||
| 650 | |a Sarduy, Severo | ||
| 650 | |a Padilla, Heberto | ||
| 650 | |a Rojas, Rafael | ||
| 910 | |a Fondo General | ||
| 920 | |a Impresos - Libros | ||
| 930 | |a Colección General | ||
| 940 | |a Literatura | ||
| 905 | |a 101 | ||
| 901 | |a 0500086211 |b IT1 |c LIT |u 20250521 | ||
| 902 | |a https://opac.biblio.iteso.mx/vufind/Record/000154746 | ||